ბათუმის შოთა რუსთაველის სახელმწიფო უნივერსიტეტის ბიბლიოთეკა

Sobotta atlas of human anatomy. (ბიბ.ჩანაწერი № 57671)

000 -LEADER
fixed length control field 01352cam a2200349 a 4500
001 - CONTROL NUMBER
control field 2105434
005 - DATE AND TIME OF LATEST TRANSACTION
control field 20201217121533.0
008 - FIXED-LENGTH DATA ELEMENTS--GENERAL INFORMATION
fixed length control field 960213s2006 mdua 001 0 eng
010 ## - LIBRARY OF CONGRESS CONTROL NUMBER
LC control number 96010269
020 ## - INTERNATIONAL STANDARD BOOK NUMBER
International Standard Book Number 0683182099 (v. 2)
040 ## - CATALOGING SOURCE
Original cataloging agency DNLM/DLC
Transcribing agency DLC
Modifying agency DLC
041 1# - LANGUAGE CODE
Language code of text/sound track or separate title eng
Language code of original ger
050 00 - LIBRARY OF CONGRESS CALL NUMBER
Classification number QM25
Item number .A7913 1997
060 10 - NATIONAL LIBRARY OF MEDICINE CALL NUMBER
Classification number QS 17 A88125 1996a
080 ## - UNIVERSAL DECIMAL CLASSIFICATION NUMBER
Universal Decimal Classification number 611 (84.4) S-70
245 10 - TITLE STATEMENT
Title Sobotta atlas of human anatomy.
246 30 - VARYING FORM OF TITLE
Title proper/short title Atlas of human anatomy : volume 2
250 ## - EDITION STATEMENT
Edition statement 14th English ed., nomenclature in English /
Remainder of edition statement edited by R. Putz, R. Pabst ;
260 ## - PUBLICATION, DISTRIBUTION, ETC.
Place of publication, distribution, etc. Munchen :
Name of publisher, distributor, etc. ELSEVIER,
Date of publication, distribution, etc. 2006.
300 ## - PHYSICAL DESCRIPTION
Extent 399 p.
Other physical details ill. (some col.) ;
Dimensions 28 cm.
650 #0 - SUBJECT ADDED ENTRY--TOPICAL TERM
Topical term or geographic name entry element Human anatomy
Form subdivision Atlases.
9 (RLIN) 7218
650 12 - SUBJECT ADDED ENTRY--TOPICAL TERM
Topical term or geographic name entry element Anatomy, Regional
General subdivision atlases.
9 (RLIN) 9225
653 ## - INDEX TERM--UNCONTROLLED
keyword ანატომია
653 ## - INDEX TERM--UNCONTROLLED
keyword მედიცინა
653 ## - INDEX TERM--UNCONTROLLED
keyword ადამიანის ანატომია
700 1# - ADDED ENTRY--PERSONAL NAME
Personal name Sobotta, Johannes,
Dates associated with a name 1869-1945.
Relator term ავტორი
9 (RLIN) 9373
700 1# - ADDED ENTRY--PERSONAL NAME
Personal name Putz, Reinhard.
Relator term რედაქტორი
9 (RLIN) 9374
700 1# - ADDED ENTRY--PERSONAL NAME
Personal name Pabst, Reinhard,
Titles and other words associated with a name Dr. med.
Relator term რედაქტორი
9 (RLIN) 9375
906 ## - LOCAL DATA ELEMENT F, LDF (RLIN)
a 7
b cbc
c orignew
d 1
e ocip
f 19
g y-gencatlg
942 ## - ADDED ENTRY ELEMENTS (KOHA)
Source of classification or shelving scheme
Koha item type წიგნი
ეგზემპლარები
Withdrawn status Lost status Source of classification or shelving scheme Damaged status Not for loan Permanent Location Current Location Shelving location Date acquired Cost, normal purchase price Full call number Barcode Date last seen Copy number Price effective from Koha item type Public note
          ბათუმის შოთა რუსთაველის სახელმწიფო უნივერსიტეტის მთავარი ბიბლიოთეკა ბათუმის შოთა რუსთაველის სახელმწიფო უნივერსიტეტის მთავარი ბიბლიოთეკა წიგნსაცავი 2020-09-02 171.00 611 (84.4) S-70 60995 2020-09-02 60995 2020-09-02 წიგნი 171 ლ.